000
00285nam a22001337a 4500
008
190227b xxu||||| |||| 00| 0 eng d
020
_a
0871969912
041
_a
eng
080
_a
591
100
_a
7
101
_a
ZOO
245
_a
Insects of the World
_c
Wotton, A
942
_2
udc
_c
BK
999
_c
54385
_d
54385